000 00657nam a2200205 a 4500
001 22520
003 CO-ViMGA
008 141112s2004 ck r 000 u spa d
040 _aCO-ViMGA
_bspa
_cCO-ViMGA
082 0 4 _aMEVIECAR.64 M448f
100 1 _aMiguel anasagasti, Pedro
_931972
245 1 0 _aFundamentos de los computadores
250 _a9
260 _aMadrid :
_bThomson,
_c2004
300 _a651
505 _aConcepto de computador 2 - 21 - - Representación de la información 22 - 64 - - Memoria 76 - 127
590 _aForma de adquisición : Compra - - Precio : 91.000 - - Proveedor : Dismet
650 1 4 _aCOMPUTADORES
942 _2ddc
_cBK
999 _c30821
_d30821